00518nam a22001577a 4500020000800000040001600008082001500024100002800039245006800067250001900135260004500154300003400199942001200233999001900245952009600264 qHB. cFIZZA ISHAQ a510.1bKRA aKramer, Edna E.9134215 aThe Nature and Growth of Modern Mathematics /c Edna E. Kramer. aFirst edition. aNew York:bHawthorn Books, Inc.,c1970.  axxiv, 758 p. ;c26 x 18.5 cm. 2ddccBK c617188d617188 00102ddc4070aNQCbNQCcGENd2026-04-20l0o510.1 KRApQD-60r2026-04-20w2026-04-20yBK